| Tag |
First Indicator |
Second Indicator |
Subfields |
| LEADER |
00000cam a2200000 a 4500 |
| 001 |
in00001069512 |
| 005 |
20191014092001.0 |
| 008 |
881109s1988 txu s00010 eng d |
| 035 |
|
|
|a (OCoLC)18727053
|
| 035 |
|
|
|9 AFN6392AM
|
| 040 |
|
|
|a IKM
|c IKM
|d UtOrBLW
|
| 049 |
|
|
|a IKMd
|
| 086 |
|
|
|a Z TA245.7 L47 no.2272
|2 txdocs
|
| 099 |
|
9 |
|a Z
|a TA245.7
|a L47
|a no.2272
|
| 100 |
1 |
|
|a Villalon, B.
|q (Ben)
|
| 245 |
1 |
0 |
|a Rio Grande Gold :
|b a new multiple virus-resistant, small yellow wax sweet pepper.
|
| 264 |
|
1 |
|a College Station, Tex. :
|b Texas Agricultural Experiment Station, Texas A & M University System,
|c [1988]
|
| 300 |
|
|
|a 1 folded sheet (8 pages) ;
|c 23 x 11 cm.
|
| 336 |
|
|
|a text
|b txt
|2 rdacontent
|
| 337 |
|
|
|a unmediated
|b n
|2 rdamedia
|
| 338 |
|
|
|a sheet
|b nb
|2 rdacarrier
|
| 490 |
1 |
|
|a L ;
|v -2272
|
| 500 |
|
|
|a "Prepared by ... Dr. Benigno Villalon ... Dr. F.J. Dainello ... and Dr. D.A. Bender"--P. [4]
|
| 500 |
|
|
|a "5/88."
|
| 650 |
|
0 |
|a Sweet peppers.
|
| 650 |
|
0 |
|a Peppers.
|
| 700 |
1 |
|
|a Dainello, Frank J.
|
| 700 |
1 |
|
|a Bender, Donald A.,
|d 1957-
|
| 710 |
2 |
|
|a Texas Agricultural Experiment Station.
|
| 830 |
|
0 |
|a Leaflet (Texas Agricultural Extension Service) ;
|v L-2272.
|
| 948 |
|
|
|a Item recs. on ACY9976
|
| 999 |
|
|
|a MARS
|
| 999 |
f |
f |
|s 76a8d159-c404-3a04-9ad1-3e2efd09aa2b
|i 646ab3e0-0c75-3f67-a289-a2586273321e
|t 0
|
| 952 |
f |
f |
|p normal
|a Texas A&M University
|b College Station
|c Sterling C. Evans Library
|d Evans: Texas Documents (Annex 5th floor)
|t 0
|e Z TA245.7 L47 no.2208-2296
|h Superintendent of Documents classification
|i unmediated -- volume
|k no.2208-2296
|l 1995:Aug.-1998:Nov.
|m A14828677705
|
| 952 |
f |
f |
|a Texas A&M University
|b College Station
|c Sterling C. Evans Library
|d Evans: Texas Documents (Annex 5th floor)
|t 0
|e Z TA245.7 L47 no.2208-2296
|h Superintendent of Documents classification
|
| 998 |
f |
f |
|a Z TA245.7 L47 no.2208-2296
|s no.2208,2215-2216s,2217s,2219-2223,2240,2242,2259,2263 1996-2263 1998,2266,2268,2272-2274,2282,2291,2295
|t 0
|l Evans: Texas Documents (Annex 5th floor)
|